[Event "Montreal Mercredi 01"]
[Site "Montreal CAN"]
[Date "2008.01.31"]
[Round "5"]
[White "Chesnut, Walter"]
[Black "Bergeron, Jean-Guy"]
[Result "0-1"]
[WhiteElo "1452"]
[BlackElo "1386"]
[PlyCount "65"]
[GameId "2160767910549243"]
[EventDate "2008.01.09"]
[EventType "tourn"]
[EventRounds "5"]
[EventCountry "CAN"]
[SourceTitle "EXT 2011"]
[Source "ChessBase"]
[SourceDate "2011.11.26"]
[SourceVersion "1"]
[SourceVersionDate "2011.11.26"]
[SourceQuality "1"]

1. d4 Nf6 2. Nf3 g6 3. c4 Bg7 4. Nc3 d6 5. h3 O-O 6. e4 e5 7. dxe5 dxe5 8. Qxd8 Rxd8 9. Nb5 Ne8 10. Bg5 Rd7 11. Be2 f6 12. Be3 c6 13. Nxa7 Na6 14. a3 c5 15. Nxc8 Rxc8 16. Nd2 b6 17. Bg4 Rcd8 18. Bxd7 Rxd7 19. Ke2 f5 20. f3 Nf6 21. Rhd1 Nc7 22. exf5 gxf5 23. Nb3 Re7 24. Bg5 Ne6 25. Rd6 Nxg5 26. Rxb6 e4 27. f4 Ne6 28. Ke3 Nh5 29. Rxe6 Rxe6 30. Ra2 Rd6 31. g4 Rd3+ 32. Kf2 Rf3+ 33. Ke1 0-1

[Event "Montreal Mercredi 01"]
[Site "Montreal CAN"]
[Date "2008.01.31"]
[Round "5"]
[White "Lemieux, Serge"]
[Black "Savard, Alain"]
[Result "1-0"]
[WhiteElo "1678"]
[BlackElo "1628"]
[PlyCount "55"]
[GameId "2160767910549244"]
[EventDate "2008.01.09"]
[EventType "tourn"]
[EventRounds "5"]
[EventCountry "CAN"]
[SourceTitle "EXT 2011"]
[Source "ChessBase"]
[SourceDate "2011.11.26"]
[SourceVersion "1"]
[SourceVersionDate "2011.11.26"]
[SourceQuality "1"]

1. d4 Nf6 2. c4 c5 3. d5 e6 4. Nc3 exd5 5. cxd5 d6 6. e4 Be7 7. Nf3 O-O 8. Bd3 Bg4 9. Be3 Nbd7 10. Be2 Bxf3 11. gxf3 Ne8 12. Qc2 Bf6 13. O-O-O Qa5 14. Kb1 c4 15. Bd4 b5 16. Rhg1 Nb6 17. a3 Rb8 18. Na2 Nd7 19. Bxf6 Ndxf6 20. Nb4 Qb6 21. Rg2 Rc8 22. Nc6 Rxc6 23. dxc6 Nh5 24. Qc1 f5 25. Qg5 g6 26. Qxh5 fxe4 27. Rxg6+ Kh8 28. Rh6 1-0

[Event "Montreal Mercredi 01"]
[Site "Montreal CAN"]
[Date "2008.01.31"]
[Round "5"]
[White "Maharisoa, Tantely"]
[Black "Neron, Raynald"]
[Result "1-0"]
[WhiteElo "1510"]
[BlackElo "1463"]
[PlyCount "61"]
[GameId "2160767910549245"]
[EventDate "2008.01.09"]
[EventType "tourn"]
[EventRounds "5"]
[EventCountry "CAN"]
[SourceTitle "EXT 2011"]
[Source "ChessBase"]
[SourceDate "2011.11.26"]
[SourceVersion "1"]
[SourceVersionDate "2011.11.26"]
[SourceQuality "1"]

1. d4 Nf6 2. c4 c5 3. e3 Nc6 4. Nf3 e6 5. Nc3 a6 6. Bd3 d5 7. a3 Be7 8. O-O O-O 9. Re1 Qc7 10. cxd5 cxd4 11. exd4 exd5 12. h3 Be6 13. Be3 Qd7 14. Ng5 Bf5 15. Qc2 Bxd3 16. Qxd3 Rad8 17. Bf4 h6 18. Nf3 Rfe8 19. Ne5 Nxe5 20. Bxe5 Nh7 21. Ne2 Bf8 22. Rac1 Re7 23. Rc7 Qe8 24. Rec1 Rxc7 25. Rxc7 Rd7 26. Rc2 Ng5 27. Ng3 f6 28. Bf4 Qe1+ 29. Kh2 Ne4 30. Re2 Nxf2 31. Qf3 1-0

[Event "Montreal Mercredi 01"]
[Site "Montreal CAN"]
[Date "2008.01.31"]
[Round "5"]
[White "Papineau (Montreal), Daniel"]
[Black "Gauthier, Luc"]
[Result "0-1"]
[WhiteElo "1841"]
[BlackElo "1772"]
[PlyCount "44"]
[GameId "2160767910549246"]
[EventDate "2008.01.09"]
[EventType "tourn"]
[EventRounds "5"]
[EventCountry "CAN"]

1. d4 Nf6 2. c4 g6 3. Nc3 d5 4. Nf3 Bg7 5. Bg5 c6 6. e3 Nbd7 7. Bd3 O-O 8. O-O dxc4 9. Bxc4 Nb6 10. Bb3 h6 11. Bh4 g5 12. Bg3 Bg4 13. Qc2 Bxf3 14. gxf3 Nbd5 15. Ne4 Nh5 16. Nc5 Nxg3 17. hxg3 Qc7 18. Rac1 Rac8 19. Bxd5 cxd5 20. Qb3 b6 21. Ne6 Qxc1 22. Nxf8 Qc6 0-1

[Event "Montreal Mercredi 01"]
[Site "Montreal CAN"]
[Date "2008.01.31"]
[Round "5"]
[White "Robillard, Guillaume"]
[Black "Katch, Gary"]
[Result "0-1"]
[WhiteElo "1708"]
[BlackElo "1817"]
[PlyCount "54"]
[GameId "2160767910549247"]
[EventDate "2008.01.09"]
[EventType "tourn"]
[EventRounds "5"]
[EventCountry "CAN"]
[SourceTitle "EXT 2011"]
[Source "ChessBase"]
[SourceDate "2011.11.26"]
[SourceVersion "1"]
[SourceVersionDate "2011.11.26"]
[SourceQuality "1"]

1. e4 d5 2. exd5 Nf6 3. d4 Nxd5 4. c4 Nb6 5. Be2 e5 6. dxe5 Qxd1+ 7. Kxd1 Nc6 8. Nf3 Be6 9. Be3 O-O-O+ 10. Kc2 Bxc4 11. Nc3 Nb4+ 12. Kc1 Bxe2 13. Nxe2 Nd3+ 14. Kc2 Nc4 15. Bd4 Nb4+ 16. Kb3 Nb6 17. a3 N4d5 18. Rhd1 Be7 19. Rac1 Kb8 20. Bc5 Rhe8 21. Ned4 Nf4 22. g3 Bxc5 23. gxf4 Bxd4 24. Rxd4 Rxd4 25. Nxd4 Nd5 26. Ne2 f6 27. exf6 Nxf6 0-1

[Event "Montreal Mercredi 01"]
[Site "Montreal CAN"]
[Date "2008.01.31"]
[Round "5"]
[White "Teasdale, Alain"]
[Black "Messier, Samuel"]
[Result "0-1"]
[WhiteElo "1557"]
[BlackElo "1592"]
[PlyCount "98"]
[GameId "2160767910549248"]
[EventDate "2008.01.09"]
[EventType "tourn"]
[EventRounds "5"]
[EventCountry "CAN"]
[SourceTitle "EXT 2011"]
[Source "ChessBase"]
[SourceDate "2011.11.26"]
[SourceVersion "1"]
[SourceVersionDate "2011.11.26"]
[SourceQuality "1"]

1. e4 c6 2. d4 d5 3. Nc3 dxe4 4. Nxe4 Nd7 5. Nf3 Ngf6 6. Ng3 e6 7. Bc4 Bd6 8. Bd2 Qc7 9. Qe2 Nb6 10. Bb3 O-O 11. c4 c5 12. Bg5 Nbd7 13. Ne4 b6 14. Nxd6 Qxd6 15. Rd1 Qc7 16. O-O Bb7 17. d5 exd5 18. cxd5 Qd6 19. Bh4 Rfe8 20. Qd2 Ne4 21. Qd3 Ndf6 22. Bxf6 Nxf6 23. h3 a6 24. Qf5 Rad8 25. Rd2 b5 26. Rfd1 Bc8 27. Qg5 Ne4 28. Qe3 Nxd2 29. Qxd2 Bf5 30. g4 Bg6 31. Nh4 c4 32. Bc2 Re5 33. f4 Rxd5 34. Qxd5 Qxd5 35. Rxd5 Rxd5 36. f5 Rd2 37. Be4 Rxb2 38. fxg6 hxg6 39. Bd5 Kf8 40. Nf3 c3 41. Ne1 c2 42. Nd3 c1=Q+ 43. Nxc1 Rb1 44. Kf2 Rxc1 45. Kg3 b4 46. h4 a5 47. Bb3 Rc3+ 48. Kf4 Rxb3 49. axb3 a4 0-1

[Event "Montreal Mercredi 01"]
[Site "Montreal CAN"]
[Date "2008.01.31"]
[Round "5"]
[White "Theriault, Pierre Marc"]
[Black "Desmeules, Etienne"]
[Result "1-0"]
[WhiteElo "1402"]
[BlackElo "1438"]
[PlyCount "72"]
[GameId "2160767910549249"]
[EventDate "2008.01.09"]
[EventType "tourn"]
[EventRounds "5"]
[EventCountry "CAN"]
[SourceTitle "EXT 2011"]
[Source "ChessBase"]
[SourceDate "2011.11.26"]
[SourceVersion "1"]
[SourceVersionDate "2011.11.26"]
[SourceQuality "1"]

1. e4 c5 2. Nf3 e6 3. Nc3 a6 4. d4 cxd4 5. Nxd4 b5 6. Bd3 Qb6 7. Nb3 Qc7 8. O-O Nf6 9. f4 d6 10. Qf3 Bb7 11. g4 h6 12. a3 Nc6 13. Be3 g5 14. fxg5 Ng8 15. g6 Ne5 16. gxf7+ Nxf7 17. Nd4 Qe7 18. Qh3 Bg7 19. Rf2 O-O-O 20. Raf1 Ng5 21. Qg2 Rf8 22. Rxf8+ Bxf8 23. h4 Nh7 24. Qh3 Kd7 25. e5 dxe5 26. Nb3 Bc6 27. Bxh7 Rxh7 28. Bc5 Qg7 29. Bxf8 Qg6 30. Qd3+ Qxd3 31. cxd3 Ne7 32. Ne4 Kc8 33. Nec5 Ng6 34. Bd6 Bd5 35. h5 Nf4 36. Bxe5 Nxd3 1-0

[Event "Montreal Mercredi 01"]
[Site "Montreal CAN"]
[Date "2008.01.31"]
[Round "5"]
[White "Tremblay, Sigfrid"]
[Black "Giroux, Robert"]
[Result "0-1"]
[WhiteElo "1900"]
[BlackElo "1875"]
[PlyCount "88"]
[GameId "2160767910549250"]
[EventDate "2008.01.09"]
[EventType "tourn"]
[EventRounds "5"]
[EventCountry "CAN"]
[SourceTitle "EXT 2011"]
[Source "ChessBase"]
[SourceDate "2011.11.26"]
[SourceVersion "1"]
[SourceVersionDate "2011.11.26"]
[SourceQuality "1"]

1. e4 c5 2. Nc3 g6 3. g3 Bg7 4. Bg2 Nc6 5. Nh3 d6 6. d3 e5 7. f4 Nge7 8. O-O f5 9. fxe5 dxe5 10. exf5 Bxf5 11. Be3 Qd7 12. Ng5 b6 13. a4 Rd8 14. a5 O-O 15. axb6 axb6 16. Ra6 Qc7 17. g4 Bc8 18. Rxf8+ Rxf8 19. Nd5 Qd6 20. Nxe7+ Nxe7 21. Ra8 Nd5 22. Bd2 Qd7 23. h3 h6 24. Ne4 Nf4 25. Bxf4 exf4 26. Nc3 Bd4+ 27. Kf1 Bb7 28. Rxf8+ Kxf8 29. Bxb7 Qxb7 30. Ne4 Bxb2 31. Qb1 Bd4 32. Qa2 Qe7 33. Qa8+ Kg7 34. Qc6 Qa7 35. Nd6 Qe7 36. Qb7 Qxb7 37. Nxb7 Be5 38. Ke2 Bc7 39. Kf3 g5 40. Ke4 Kf6 41. d4 cxd4 42. Kxd4 Ke6 43. c4 Ke7 44. c5 bxc5+ 0-1

[Event "Montreal Mercredi 01"]
[Site "Montreal CAN"]
[Date "2008.01.31"]
[Round "5"]
[White "Turcotte, Jonathan"]
[Black "Baran, Marius"]
[Result "1/2-1/2"]
[WhiteElo "1606"]
[BlackElo "1580"]
[PlyCount "66"]
[GameId "2160767910549251"]
[EventDate "2008.01.09"]
[EventType "tourn"]
[EventRounds "5"]
[EventCountry "CAN"]
[SourceTitle "EXT 2011"]
[Source "ChessBase"]
[SourceDate "2011.11.26"]
[SourceVersion "1"]
[SourceVersionDate "2011.11.26"]
[SourceQuality "1"]

1. d4 d5 2. c4 e6 3. Nc3 Nf6 4. Bg5 c6 5. e3 Be7 6. Nf3 O-O 7. Qc2 Nbd7 8. Bd3 dxc4 9. Bxc4 Nd5 10. Bxe7 Qxe7 11. O-O Nxc3 12. Qxc3 Re8 13. Rfd1 e5 14. dxe5 b5 15. Bb3 Bb7 16. e6 fxe6 17. Nd4 Nc5 18. Nf5 Qf8 19. Nd6 Nxb3 20. Qxb3 Re7 21. Nxb7 Rxb7 22. Qxe6+ Qf7 23. Qxf7+ Kxf7 24. Rac1 Rc7 25. g4 c5 26. Rd5 Rac8 27. f4 a6 28. Rd6 Rc6 29. Rxc6 Rxc6 30. Kf2 c4 31. Ke2 Rh6 32. Rh1 Rh3 33. e4 a5 1/2-1/2

[Event "Montreal Mercredi 01"]
[Site "Montreal CAN"]
[Date "2008.01.31"]
[Round "5"]
[White "Zhang, Zhiyuan"]
[Black "Marquis, Gerald"]
[Result "1/2-1/2"]
[WhiteElo "1546"]
[BlackElo "1533"]
[PlyCount "74"]
[GameId "2160767910549252"]
[EventDate "2008.01.09"]
[EventType "tourn"]
[EventRounds "5"]
[EventCountry "CAN"]
[SourceTitle "EXT 2011"]
[Source "ChessBase"]
[SourceDate "2011.11.26"]
[SourceVersion "1"]
[SourceVersionDate "2011.11.26"]
[SourceQuality "1"]

1. e4 e5 2. Nf3 Nf6 3. Nc3 Nc6 4. Be2 Bb4 5. O-O Bxc3 6. dxc3 Nxe4 7. Nxe5 Nxe5 8. Qd4 O-O 9. Qxe4 Re8 10. Qd4 d6 11. Be3 Bf5 12. Qd2 Qf6 13. Rad1 Qg6 14. f4 Ng4 15. Bxg4 Bxg4 16. Rde1 Bf5 17. Rf2 Re6 18. c4 Rae8 19. c3 Re4 20. Rff1 Bh3 21. Rf3 Bg4 22. Rg3 Qe6 23. b3 h5 24. h3 Bf5 25. Kf1 h4 26. Rf3 Bg6 27. Bf2 Bh5 28. Rfe3 Qf5 29. Rxe4 Rxe4 30. Rxe4 Qxe4 31. Bxh4 f6 32. Bf2 Qb1+ 33. Be1 Qd1 34. Qe3 c5 35. g4 Bf7 36. f5 Kf8 37. Kg2 Be8 1/2-1/2

[Event "Montreal Mercredi 02"]
[Site "Montreal CAN"]
[Date "2008.02.20"]
[Round "1"]
[White "Baran, Marius"]
[Black "Landry, Martin"]
[Result "0-1"]
[WhiteElo "1591"]
[BlackElo "1557"]
[PlyCount "106"]
[GameId "2160767739119979"]
[EventDate "2008.02.20"]
[EventType "tourn"]
[EventRounds "5"]
[EventCountry "CAN"]
[SourceTitle "EXT 2011"]
[Source "ChessBase"]
[SourceDate "2011.11.26"]
[SourceVersion "1"]
[SourceVersionDate "2011.11.26"]
[SourceQuality "1"]

1. d4 Nf6 2. c4 e6 3. a3 c5 4. Nf3 cxd4 5. Nxd4 a6 6. Nc3 d5 7. e3 Nc6 8. Nxc6 bxc6 9. Be2 Bd6 10. O-O e5 11. cxd5 cxd5 12. Nxd5 e4 13. Nxf6+ Qxf6 14. Qa4+ Ke7 15. Qxe4+ Be6 16. Bc4 Rhe8 17. Bxe6 Kf8 18. Qf5 Rxe6 19. Qxf6 Rxf6 20. b4 Be5 21. Rb1 Rc8 22. Bb2 Bxb2 23. Rxb2 Rfc6 24. g3 Rc3 25. a4 Ra3 26. b5 Rxa4 27. b6 Rb8 28. b7 Rc4 29. Rfb1 Ke7 30. Rb6 Rc7 31. Kf1 a5 32. Ke2 a4 33. Ra6 Rcxb7 34. Rxb7+ Rxb7 35. Rxa4 Rb2+ 36. Kf3 Rb6 37. Ra7+ Kf6 38. h4 h6 39. g4 g5 40. Kg3 Re6 41. Ra5 Kg6 42. h5+ Kg7 43. Ra3 Re4 44. f3 Re6 45. f4 Re7 46. Kf3 Re6 47. f5 Rc6 48. e4 Rc1 49. e5 Kf8 50. Ra6 Rc3+ 51. Ke4 Rc4+ 52. Kd5 Rxg4 53. f6 Ke8 {...} 0-1

[Event "Montreal Mercredi 02"]
[Site "Montreal CAN"]
[Date "2008.02.20"]
[Round "1"]
[White "Bergeron, Rene"]
[Black "Zhang, Zhiyuan"]
[Result "0-1"]
[WhiteElo "1539"]
[BlackElo "1479"]
[PlyCount "57"]
[GameId "2160767910413395"]
[EventDate "2008.02.20"]
[EventType "tourn"]
[EventRounds "5"]
[EventCountry "CAN"]
[SourceTitle "EXT 2011"]
[Source "ChessBase"]
[SourceDate "2011.11.26"]
[SourceVersion "1"]
[SourceVersionDate "2011.11.26"]
[SourceQuality "1"]

1. e4 e5 2. Nf3 Nc6 3. Bc4 Bc5 4. c3 Nf6 5. d4 exd4 6. cxd4 Bb4+ 7. Bd2 Bxd2+ 8. Nbxd2 d5 9. exd5 Nxd5 10. O-O O-O 11. a3 Bg4 12. Qc2 Nf6 13. Qd3 Qd6 14. Rad1 Rad8 15. Ne4 Nxe4 16. Qxe4 Bxf3 17. Qxf3 b6 18. Bd3 Nxd4 19. Qe4 Qg6 20. Qe3 Qf6 21. Qe4 g6 22. Qb7 Ne6 23. Qxa7 Qxb2 24. Qa4 Nc5 25. Qc4 Qxa3 26. Bb1 Rxd1 27. Rxd1 Qb3 28. Qd4 Ne6 29. Re1 0-1

[Event "Montreal Mercredi 02"]
[Site "Montreal CAN"]
[Date "2008.02.20"]
[Round "1"]
[White "Bolduc, Rene"]
[Black "Berthiaume, Yves"]
[Result "0-1"]
[WhiteElo "1444"]
[BlackElo "1337"]
[PlyCount "94"]
[GameId "2160767910413396"]
[EventDate "2008.02.20"]
[EventType "tourn"]
[EventRounds "5"]
[EventCountry "CAN"]
[SourceTitle "EXT 2011"]
[Source "ChessBase"]
[SourceDate "2011.11.26"]
[SourceVersion "1"]
[SourceVersionDate "2011.11.26"]
[SourceQuality "1"]

1. d4 d5 2. c4 c6 3. Nc3 Nf6 4. Bd2 dxc4 5. e3 b5 6. Nf3 Bf5 7. Be2 e6 8. O-O Bd6 9. Ne5 Qc7 10. f4 Nbd7 11. Bf3 Nd5 12. e4 Nxc3 13. bxc3 Bg6 14. Nxc6 Qxc6 15. f5 Rd8 16. e5 Qb6 17. exd6 Bxf5 18. Bg4 Bd3 19. Bg5 Bxf1 20. Qxf1 O-O 21. Be7 Ne5 22. Qf4 Ng6 23. Qg3 Rd7 24. h4 Nxe7 25. dxe7 Rxe7 26. Rf1 Rd7 27. Kh1 Qd6 28. Qf3 Qe7 29. g3 Qd6 30. Kh2 Qa3 31. Kh3 Qd6 32. Qe3 b4 33. cxb4 Qxd4 34. Qg5 Qd3 35. Rd1 Qe4 36. Bf3 Qxf3 37. Rxd7 Qa3 38. Rd8 Qxb4 39. h5 h6 40. Rxf8+ Qxf8 41. Qe5 Qc8 42. Qc3 Qc6 43. Kh4 Qd5 44. Qb4 Qd4+ 45. Kh3 Qd5 46. Qb8+ Kh7 47. Qb1+ Qf5+ 0-1

[Event "Montreal Mercredi 02"]
[Site "Montreal CAN"]
[Date "2008.02.20"]
[Round "1"]
[White "Debellefeuille, Paul"]
[Black "Chenard, Yanick"]
[Result "0-1"]
[WhiteElo "1546"]
[BlackElo "1450"]
[PlyCount "24"]
[GameId "2160767910413397"]
[EventDate "2008.02.20"]
[EventType "tourn"]
[EventRounds "5"]
[EventCountry "CAN"]
[SourceTitle "EXT 2011"]
[Source "ChessBase"]
[SourceDate "2011.11.26"]
[SourceVersion "1"]
[SourceVersionDate "2011.11.26"]
[SourceQuality "1"]

1. e4 d6 2. d4 Nf6 3. Nc3 c6 4. f4 Qa5 5. Bd2 e5 6. Nd5 Qd8 7. Nxf6+ Qxf6 8. dxe5 dxe5 9. f5 Qh4+ 10. Ke2 Qxe4+ 11. Be3 Bxf5 12. Qd3 Qg4+ 0-1

[Event "Montreal Mercredi 02"]
[Site "Montreal CAN"]
[Date "2008.02.20"]
[Round "1"]
[White "Gauthier, Luc"]
[Black "Sonn, Eric"]
[Result "1-0"]
[WhiteElo "1804"]
[BlackElo "1652"]
[PlyCount "73"]
[GameId "2160767910413398"]
[EventDate "2008.02.20"]
[EventType "tourn"]
[EventRounds "5"]
[EventCountry "CAN"]
[SourceTitle "EXT 2011"]
[Source "ChessBase"]
[SourceDate "2011.11.26"]
[SourceVersion "1"]
[SourceVersionDate "2011.11.26"]
[SourceQuality "1"]

1. e4 c5 2. Nc3 Nc6 3. f4 d6 4. Nf3 e6 5. Bb5 Nge7 6. O-O a6 7. Bxc6+ Nxc6 8. d3 Be7 9. Be3 O-O 10. Qd2 d5 11. exd5 exd5 12. Bf2 Bf5 13. Ne2 Qd6 14. h3 c4 15. Ng3 Bc8 16. d4 Rb8 17. c3 b5 18. Ne5 f6 19. Nf3 b4 20. Rab1 bxc3 21. bxc3 Rxb1 22. Rxb1 Bd7 23. Nh4 g5 24. fxg5 fxg5 25. Nf3 Rxf3 26. gxf3 Bxh3 27. Qe3 Bc8 28. Rb6 Qd7 29. Rxc6 Bd8 30. Rxc8 Qxc8 31. Qe8+ Kg7 32. Nh5+ Kh6 33. Nf6 Qb8 34. Qh5+ Kg7 35. Qxg5+ Kf7 36. Qxd5+ Kxf6 37. Bh4+ 1-0

[Event "Montreal Mercredi 02"]
[Site "Montreal CAN"]
[Date "2008.02.20"]
[Round "1"]
[White "Germain, Max"]
[Black "Chesnut, Walter"]
[Result "1/2-1/2"]
[WhiteElo "1509"]
[BlackElo "1498"]
[PlyCount "84"]
[GameId "2160767910413399"]
[EventDate "2008.02.20"]
[EventType "tourn"]
[EventRounds "5"]
[EventCountry "CAN"]
[SourceTitle "EXT 2011"]
[Source "ChessBase"]
[SourceDate "2011.11.26"]
[SourceVersion "1"]
[SourceVersionDate "2011.11.26"]
[SourceQuality "1"]

1. d4 d5 2. c4 c6 3. Nc3 Nf6 4. cxd5 cxd5 5. g3 e6 6. Nf3 Nc6 7. a3 a6 8. Bg2 Bd6 9. O-O O-O 10. Re1 Bd7 11. e4 dxe4 12. Nxe4 Nxe4 13. Rxe4 Ne7 14. Ne5 Bxe5 15. dxe5 Bc6 16. Rd4 Nd5 17. Qh5 Nf6 18. Qd1 Nd5 19. Be4 f5 20. exf6 Qxf6 21. Rd2 Nc3 22. Bxh7+ Kxh7 23. bxc3 Rad8 24. Qc2+ Kg8 25. f4 e5 26. Rf2 e4 27. Be3 Rd3 28. Bd4 Qf5 29. Re1 Qd5 30. Qa2 Qxa2 31. Rxa2 Bd5 32. Rae2 Rf7 33. Be5 g6 34. a4 Kh7 35. a5 Kh6 36. Bd4 Kh5 37. Be5 Kg4 38. Re3 Rd2 39. Bd4 Rh7 40. R1e2 Rd1+ 41. Re1 Rd2 42. R1e2 Rd1+ 1/2-1/2

[Event "Montreal Mercredi 02"]
[Site "Montreal CAN"]
[Date "2008.02.20"]
[Round "1"]
[White "Giroux, Gilbert"]
[Black "Beladel, Brahim"]
[Result "0-1"]
[WhiteElo "1703"]
[BlackElo "1691"]
[PlyCount "78"]
[GameId "2160767910413400"]
[EventDate "2008.02.20"]
[EventType "tourn"]
[EventRounds "5"]
[EventCountry "CAN"]
[SourceTitle "EXT 2011"]
[Source "ChessBase"]
[SourceDate "2011.11.26"]
[SourceVersion "1"]
[SourceVersionDate "2011.11.26"]
[SourceQuality "1"]

1. e4 c5 2. c3 d5 3. exd5 Qxd5 4. Nf3 Nf6 5. d4 Bg4 6. Bb5+ Nc6 7. Nbd2 cxd4 8. Bxc6+ Qxc6 9. cxd4 Qa6 10. Qb3 Be6 11. Qd1 g6 12. Nb3 b6 13. Bg5 Bg7 14. Ne5 O-O 15. Qe2 Qxe2+ 16. Kxe2 h6 17. Be3 Bd5 18. f3 Rac8 19. Rhc1 Bb7 20. Nd2 Ba6+ 21. Kf2 Nd5 22. a3 h5 23. Ne4 Nxe3 24. Kxe3 Bb7 25. Nc3 Bh6+ 26. f4 Bxg2 27. Rg1 Bb7 28. Rac1 Rfd8 29. Ne4 Rxc1 30. Rxc1 Rc8 31. Rxc8+ Bxc8 32. Nc6 Bb7 33. Nxe7+ Kf8 34. Nf6 Kxe7 35. Ng8+ Kf8 36. Nxh6 Kg7 37. Nxf7 Kxf7 38. h4 Ke6 39. b3 Kf5 0-1

[Event "Montreal Mercredi 02"]
[Site "Montreal CAN"]
[Date "2008.02.20"]
[Round "1"]
[White "Giroux, Robert"]
[Black "Lemieux, Serge"]
[Result "1-0"]
[WhiteElo "1949"]
[BlackElo "1644"]
[PlyCount "57"]
[GameId "2160767910413401"]
[EventDate "2008.02.20"]
[EventType "tourn"]
[EventRounds "5"]
[EventCountry "CAN"]
[SourceTitle "EXT 2011"]
[Source "ChessBase"]
[SourceDate "2011.11.26"]
[SourceVersion "1"]
[SourceVersionDate "2011.11.26"]
[SourceQuality "1"]

1. e4 d6 2. d4 Nf6 3. Nc3 g6 4. Nf3 Bg7 5. h3 Nbd7 6. e5 dxe5 7. dxe5 Ng8 8. Bf4 e6 9. Qd2 Ne7 10. O-O-O c6 11. Ne4 O-O 12. Nc5 Nd5 13. Nxd7 Qxd7 14. Bh6 Qc7 15. Bxg7 Kxg7 16. c4 Nb6 17. Qd6 Qd7 18. Ng5 Rd8 19. Ne4 Qxd6 20. Nxd6 Kf8 21. Be2 Ke7 22. Rd2 Nd7 23. Rhd1 Rb8 24. f4 b6 25. Bf3 c5 26. g4 a6 27. Bc6 b5 28. cxb5 axb5 29. Nxc8+ 1-0

[Event "Montreal Mercredi 02"]
[Site "Montreal CAN"]
[Date "2008.02.20"]
[Round "1"]
[White "Guindon, Alex"]
[Black "Cyr, Marcel"]
[Result "1-0"]
[WhiteElo "1414"]
[BlackElo "1384"]
[PlyCount "35"]
[GameId "2160767910413402"]
[EventDate "2008.02.20"]
[EventType "tourn"]
[EventRounds "5"]
[EventCountry "CAN"]
[SourceTitle "EXT 2011"]
[Source "ChessBase"]
[SourceDate "2011.11.26"]
[SourceVersion "1"]
[SourceVersionDate "2011.11.26"]
[SourceQuality "1"]

1. d4 d5 2. Nf3 Nc6 3. Bf4 e6 4. e3 h6 5. c3 Bd6 6. Bg3 Nf6 7. Nbd2 Bxg3 8. hxg3 a6 9. Bd3 Bd7 10. Qe2 Qe7 11. Nb3 O-O-O 12. Bxa6 Na7 13. Nc5 Bc6 14. Ne5 Nd7 15. Nxc6 Nxc6 16. Nxb7 Kb8 17. Nxd8 Rxd8 18. Qb5+ 1-0

[Event "Montreal Mercredi 02"]
[Site "Montreal CAN"]
[Date "2008.02.20"]
[Round "1"]
[White "Millette, Sylvain"]
[Black "Teasdale, Alain"]
[Result "1-0"]
[WhiteElo "1625"]
[BlackElo "1555"]
[PlyCount "77"]
[GameId "2160767910413403"]
[EventDate "2008.02.20"]
[EventType "tourn"]
[EventRounds "5"]
[EventCountry "CAN"]
[SourceTitle "EXT 2011"]
[Source "ChessBase"]
[SourceDate "2011.11.26"]
[SourceVersion "1"]
[SourceVersionDate "2011.11.26"]
[SourceQuality "1"]

1. Nf3 c5 2. g3 Nc6 3. Bg2 g6 4. c4 Bg7 5. O-O e5 6. e4 d6 7. Nc3 Nge7 8. d3 O-O 9. Ne1 f5 10. f4 Nd4 11. exf5 Rxf5 12. Nf3 exf4 13. Bxf4 Nec6 14. Ng5 h6 15. Bd5+ Kf8 16. Nh7+ Ke7 17. g4 Rxf4 18. Rxf4 Be6 19. Qf1 Qg8 20. Bxe6 Nxe6 21. Nd5+ Kd8 22. Nhf6 Bxf6 23. Rxf6 Ne5 24. Rxe6 Qxe6 25. Qf8+ Qe8 26. Qxd6+ Qd7 27. Qf8+ Qe8 28. Qxe8+ Kxe8 29. Nc7+ Kf7 30. Rf1+ Kg7 31. Nxa8 Nxd3 32. Rd1 Nxb2 33. Rd7+ Kf6 34. Rxb7 Nxc4 35. Rxa7 Ne3 36. Rc7 c4 37. Nb6 Nxg4 38. Nxc4 g5 39. a4 1-0

[Event "Montreal Mercredi 02"]
[Site "Montreal CAN"]
[Date "2008.02.20"]
[Round "1"]
[White "Tong, Tan Guang"]
[Black "Dardoura, Khaled"]
[Result "0-1"]
[WhiteElo "1410"]
[BlackElo "1401"]
[PlyCount "118"]
[GameId "2160767910413404"]
[EventDate "2008.02.20"]
[EventType "tourn"]
[EventRounds "5"]
[EventCountry "CAN"]
[SourceTitle "EXT 2011"]
[Source "ChessBase"]
[SourceDate "2011.11.26"]
[SourceVersion "1"]
[SourceVersionDate "2011.11.26"]
[SourceQuality "1"]

1. e4 e6 2. d4 d5 3. e5 c5 4. c3 Qb6 5. Nf3 Nc6 6. a3 a5 7. Bd3 Bd7 8. Bc2 Nh6 9. O-O Nf5 10. Bxf5 exf5 11. Re1 cxd4 12. cxd4 Be6 13. Nc3 Be7 14. Rb1 O-O 15. Bf4 Rfc8 16. Qd2 Qb3 17. Bg5 Bf8 18. Qd3 Na7 19. Rec1 Rc6 20. Nd2 Qb6 21. Rc2 Rac8 22. Rbc1 Qc7 23. a4 Bb4 24. Qg3 Qb6 25. Bf6 Bf8 26. Nf3 f4 27. Qxf4 gxf6 28. Qxf6 Bg7 29. Qf4 Qd8 30. h4 b5 31. axb5 Nxb5 32. h5 Nxc3 33. bxc3 Qf8 34. Qg3 Kh8 35. Ne1 Qa3 36. Qg5 Qf8 37. f4 Bh6 38. Qg3 Qg7 39. Qxg7+ Kxg7 40. g3 Bg4 41. Nd3 Bf5 42. Rd1 Rxc3 43. Rxc3 Rxc3 44. Nc5 Rxg3+ 45. Kf2 Rg4 46. Rg1 Rxg1 47. Kxg1 Bxf4 48. Nb7 a4 49. Nd6 Bd3 50. Ne8+ Kf8 51. Nc7 a3 52. Nxd5 Bd2 53. Nf6 a2 54. Nxh7+ Bxh7 55. Kh2 a1=Q 56. d5 Bf4+ 57. Kg2 Be4+ 58. Kf2 Qb2+ 59. Kg1 Qg2# 0-1

[Event "Montreal Mercredi 02"]
[Site "Montreal CAN"]
[Date "2008.02.20"]
[Round "1"]
[White "Turcotte, Jonathan"]
[Black "Maharisoa, Tantely"]
[Result "0-1"]
[WhiteElo "1590"]
[BlackElo "1576"]
[PlyCount "54"]
[GameId "2160767910413406"]
[EventDate "2008.02.20"]
[EventType "tourn"]
[EventRounds "5"]
[EventCountry "CAN"]
[SourceTitle "EXT 2011"]
[Source "ChessBase"]
[SourceDate "2011.11.26"]
[SourceVersion "1"]
[SourceVersionDate "2011.11.26"]
[SourceQuality "1"]

1. d4 Nf6 2. c4 e6 3. Nf3 d5 4. Nc3 Be7 5. Bg5 Nbd7 6. e3 c6 7. Qc2 O-O 8. Bd3 Re8 9. O-O a5 10. a3 h6 11. Bh4 Bd6 12. Rfd1 dxc4 13. Bxc4 Qc7 14. e4 Nh7 15. e5 Be7 16. Bxe7 Rxe7 17. Ne4 Nb6 18. Bd3 Bd7 19. Nfd2 Nf8 20. g3 Rb8 21. Rac1 Nd5 22. Nc4 b5 23. Ncd6 Qb6 24. Nc5 Be8 25. Qe2 Nd7 26. Qe4 f5 27. Qh4 Nf8 0-1